| 000 -LEADER | |
|---|---|
| fixed length control field | 00517nam a22001817a 4500 |
| 005 - DATE AND TIME OF LATEST TRANSACTION | |
| control field | 20251204150850.0 |
| 008 - FIXED-LENGTH DATA ELEMENTS--GENERAL INFORMATION | |
| fixed length control field | 250909b |||||||| |||| 00| 0 eng d |
| 020 ## - INTERNATIONAL STANDARD BOOK NUMBER | |
| ISBN | 978-93-5090-646-0 |
| 041 ## - LANGUAGE CODE | |
| Language code of text/sound track or separate title | eng |
| 082 ## - DEWEY DECIMAL CLASSIFICATION NUMBER | |
| Classification number | 616.904 1 JAG-M |
| 100 ## - MAIN ENTRY--AUTHOR NAME | |
| Personal name | JAGGI, NAMITA |
| 245 ## - TITLE STATEMENT | |
| Title | MICROBIOLOGY THEORY FOR MLT: Medical Laboratory Technology |
| 250 ## - EDITION STATEMENT | |
| Edition statement | 2nd ed. 2013 |
| 260 ## - PUBLICATION, DISTRIBUTION, ETC. (IMPRINT) | |
| Place of publication | NEW DELHI |
| Name of publisher | JAYPEE BROTHERS MEDICAL PUBLISHERS |
| Year of publication | 2013 |
| 300 ## - PHYSICAL DESCRIPTION | |
| Number of Pages | 389;P |
| 650 ## - SUBJECT ADDED ENTRY--TOPICAL TERM | |
| Topical Term | PARAMEDICAL |
| General subdivision | BMIRT/BMLT |
| 942 ## - ADDED ENTRY ELEMENTS (KOHA) | |
| Koha item type | Books |
| Lost status | Damaged status | Collection code | Home library | Current library | Shelving location | Date acquired | Source of acquisition | Cost, normal purchase price | Full call number | Accession Number | Koha item type | Serial Enumeration / chronology |
|---|---|---|---|---|---|---|---|---|---|---|---|---|
| Reference | JRU Library | JRU Library | SHELF-104-D | 09/09/2025 | PURCHASE | 1200.00 | 616.904 1 | 28767 | Books | |||
| PARAMEDICAL | JRU Library | JRU Library | SHELF-104-D | 09/09/2025 | PURCHASE | 1200.00 | 616.904 1 | 28768 | Books | |||
| PARAMEDICAL | JRU Library | JRU Library | 09/09/2025 | PURCHASE | 1200.00 | 616.904 1 | 28769 | Books | ||||
| PARAMEDICAL | JRU Library | JRU Library | SHELF-104-D | 09/09/2025 | PURCHASE | 1200.00 | 616.904 1 | 28770 | Books | |||
| PARAMEDICAL | JRU Library | JRU Library | SHELF-28-A | 09/09/2025 | PURCHASE | 1200.00 | 616.904 1 | 28771 | Books | |||
| Bachelor of Medical Laboratory Technology | JRU Library | JRU Library | SHELF-104-D | 01/12/2025 | PURCHASE | 1150.00 | 616.904 1 JAG-M | 29197 | Books | LBI-000811/28-11-2025 | ||
| Bachelor of Medical Laboratory Technology | JRU Library | JRU Library | SHELF-104-D | 01/12/2025 | PURCHASE | 1150.00 | 616.904 1 JAG-M | 29198 | Books | LBI-000811/28-11-2025 | ||
| Bachelor of Medical Laboratory Technology | JRU Library | JRU Library | SHELF-104-D | 01/12/2025 | PURCHASE | 1150.00 | 616.904 1 JAG-M | 29199 | Books | LBI-000811/28-11-2025 | ||
| PARAMEDICAL | JRU Library | JRU Library | 04/12/2025 | 616.904 1 JAG-M | Books |